| 000 | 00682nam a2200217 a 4500 | ||
|---|---|---|---|
| 005 | 20240928063750.0 | ||
| 008 | 060626s2003 mx r 000 0 spa d | ||
| 020 | _a8401378052 | ||
| 035 | _aUPN01000145476 | ||
| 049 | _aCG | ||
| 050 | 4 |
_aHD57.7 _bS5.6 2003 |
|
| 100 | 1 |
_aSharma, Robin S., _d1964- |
|
| 245 | 1 | 4 |
_aLas 8 claves del liderazgo del monje que vendió su Ferrari / _cRobin S. Sharma ; tr. Enrique Benito. |
| 250 | _a5a ed. | ||
| 260 |
_aBarcelona : _bPlaza&Janés, _c2003. |
||
| 300 | _a286 p. | ||
| 534 |
_pTítulo original : _tLeadership Wisdom from the Monk Who Sold |
||
| 650 | 4 |
_aLiderazgo _95345 |
|
| 650 | 4 |
_aEmpresas _xAdministración _9229 |
|
| 905 | _aLibro | ||
| 999 |
_c117622 _d117622 |
||